[Event "Badalona op 48th"]
[Site "Badalona"]
[Date "2024.08.09"]
[Round "8"]
[White "Blasco Coll, Andreu"]
[Black "Vivaan, Vishal Shah"]
[Result "1-0"]
[WhiteElo "2260"]
[BlackElo "2186"]
[PlyCount "91"]
[EventDate "2024.08.02"]
[EventType "swiss"]
[EventRounds "9"]
[EventCountry "ESP"]
[SourceTitle "CBM 221 Extra"]
[Source "ChessBase"]
[SourceDate "2024.09.30"]
[SourceVersion "1"]
[SourceVersionDate "2024.09.30"]
[SourceQuality "1"]

1. e4 c5 2. c3 d5 3. exd5 Qxd5 4. d4 Nc6 5. Nf3 Bf5 6. Be3 Nf6 7. Na3 cxd4 8. Bc4 Qa5 9. Nxd4 Nxd4 10. Bxd4 e5 11. Bb5+ Bd7 12. Bxd7+ Nxd7 13. Nc4 Qd5 14. Qe2 f6 15. 0-0 Be7 16. Rad1 Qc6 17. Be3 Qe6 18. Rd2 0-0 19. Rfd1 Rfd8 20. Na5 Nf8 21. Rxd8 Rxd8 22. Rxd8 Bxd8 23. Nxb7 Bb6 24. b4 Bxe3 25. fxe3 Nd7 26. Qd2 Nb6 27. e4 h5 28. Nc5 Qg4 29. a4 Kh7 30. Qd3 Qg5 31. a5 Qc1+ 32. Kf2 Qf4+ 33. Ke2 Qxh2 34. Qh3 Qxh3 35. gxh3 Nc4 36. Nd7 Kg8 37. Nb8 Nd6 38. Nc6 a6 39. Ke3 g5 40. Nb8 g4 41. hxg4 h4 42. Nxa6 Nxe4 43. Kxe4 h3 44. Kf3 e4+ 45. Kg3 e3 46. Nc5 1-0

[Event "Badalona op 48th"]
[Site "Badalona"]
[Date "2024.08.05"]
[Round "4"]
[White "Blasco Coll, Andreu"]
[Black "Pawar, Harshit"]
[Result "1-0"]
[WhiteElo "2260"]
[BlackElo "2284"]
[PlyCount "65"]
[EventDate "2024.08.02"]
[EventType "swiss"]
[EventRounds "9"]
[EventCountry "ESP"]
[SourceTitle "CBM 221 Extra"]
[Source "ChessBase"]
[SourceDate "2024.09.30"]
[SourceVersion "1"]
[SourceVersionDate "2024.09.30"]
[SourceQuality "1"]

1. e4 e6 2. d4 d5 3. e5 c5 4. c3 Nc6 5. Nf3 Nge7 6. Na3 cxd4 7. cxd4 Nf5 8. Nc2 Be7 9. Be2 0-0 10. 0-0 Bd7 11. Kh1 Rc8 12. Bd3 h6 13. g4 Nh4 14. Nxh4 Bxh4 15. f4 f6 16. exf6 Bxf6 17. g5 Bxd4 18. Qh5 Be8 19. Qh3 e5 20. Nxd4 Nxd4 21. gxh6 e4 22. hxg7 Kxg7 23. f5 Nxf5 24. Rxf5 Rxf5 25. Qxf5 Bg6 26. Qe5+ Kh7 27. Be2 Qe8 28. Qf4 d4 29. Qh6+ Kg8 30. Bf4 e3 31. Bf3 Rc6 32. Rg1 Qe6 33. Rxg6+ 1-0

[Event "Badalona op 48th"]
[Site "Badalona"]
[Date "2024.08.02"]
[Round "1"]
[White "Martinez Talavera, Jordi"]
[Black "Blasco Coll, Andreu"]
[Result "0-1"]
[WhiteElo "2019"]
[BlackElo "2260"]
[PlyCount "70"]
[EventDate "2024.08.02"]
[EventType "swiss"]
[EventRounds "9"]
[EventCountry "ESP"]
[SourceTitle "CBM 221 Extra"]
[Source "ChessBase"]
[SourceDate "2024.09.30"]
[SourceVersion "1"]
[SourceVersionDate "2024.09.30"]
[SourceQuality "1"]

1. d4 Nf6 2. Bf4 d5 3. e3 c5 4. c3 Nc6 5. Nf3 e6 6. Nbd2 cxd4 7. exd4 Nh5 8. Be3 Bd6 9. Ne5 g6 10. Nxc6 bxc6 11. c4 0-0 12. Be2 Nf4 13. Bxf4 Bxf4 14. 0-0 Qb6 15. Nb3 a5 16. Rb1 Rd8 17. g3 dxc4 18. Bxc4 Bh6 19. Qg4 Bg7 20. Rfd1 a4 21. Nc5 e5 22. Qg5 Bf5 23. Rbc1 exd4 24. g4 Bc8 25. Qe7 Ra7 26. Qe2 Bf8 27. Ne4 Bg7 28. b3 Re7 29. Qf3 Be6 30. bxa4 Qb4 31. Bb3 d3 32. Bxe6 Rxe6 33. Ng5 Rf6 34. Qe3 d2 35. Rc2 Qxg4+ 0-1

[Event "Sitges Sunway op 10th"]
[Site "Sitges"]
[Date "2023.12.18"]
[Round "6"]
[White "Blasco Coll, Andreu"]
[Black "Halmeenmaki, Tuomo"]
[Result "1/2-1/2"]
[WhiteElo "2286"]
[BlackElo "2065"]
[PlyCount "140"]
[EventDate "2023.12.12"]
[EventType "swiss"]
[EventRounds "10"]
[EventCountry "ESP"]
[SourceTitle "EXT 2025"]
[Source "ChessBase"]
[SourceDate "2024.10.14"]
[SourceVersion "1"]
[SourceVersionDate "2024.10.14"]
[SourceQuality "1"]

1. d4 d5 2. c4 e6 3. Nc3 Nf6 4. cxd5 exd5 5. Bg5 c6 6. Qc2 Be7 7. e3 Nbd7 8. Bd3 h6 9. Bh4 Nh5 10. Bxe7 Qxe7 11. 0-0-0 Nb6 12. Kb1 Be6 13. Nf3 0-0-0 14. Ne5 Kb8 15. Na4 Nxa4 16. Qxa4 Rc8 17. Rc1 Nf6 18. Rc3 Nd7 19. Ra3 a6 20. Nf3 Nb6 21. Qb3 Ka7 22. Rc1 c5 23. dxc5 Rxc5 24. Rxc5 Qxc5 25. Qc3 Rc8 26. Qxc5 Rxc5 27. Nd4 Nc4 28. Rc3 Kb6 29. h3 Ne5 30. Kc2 a5 31. Nb3 Rxc3+ 32. Kxc3 Nc6 33. a3 Kc7 34. Bb5 Na7 35. Be2 b6 36. Nd4 Bd7 37. f4 Kd6 38. h4 Nc6 39. Nc2 Bf5 40. Nd4 Nxd4 41. Kxd4 Bd7 42. b4 axb4 43. axb4 f6 44. Ba6 Bf5 45. Be2 Bd7 46. Bf3 Be6 47. g3 Kc6 48. Be2 Kd6 49. Bd3 Bg4 50. Bc2 Bf3 51. Kc3 Be2 52. Bb3 Bf3 53. Kd4 Be4 54. Ba4 Bf3 55. Bc2 Bg4 56. Bb1 Bf3 57. Bg6 Bg2 58. Be8 Bf3 59. Kc3 Be2 60. Kb3 Bd1+ 61. Kc3 Be2 62. Bf7 Bf3 63. Kd2 Ke7 64. Bg6 Kd6 65. Bf5 Kc6 66. Kc3 Kd6 67. Kd4 Bg2 68. Bh7 Bf3 69. Bf5 Bg2 70. Bh7 Bf3 1/2-1/2

[Event "Barcelona Sants op 24th"]
[Site "Barcelona"]
[Date "2023.08.27"]
[Round "10"]
[White "Blasco Coll, Andreu"]
[Black "Agdestein, Simen"]
[Result "0-1"]
[WhiteElo "2311"]
[BlackElo "2593"]
[PlyCount "62"]
[EventDate "2023.08.18"]
[EventType "swiss"]
[EventRounds "10"]
[EventCountry "ESP"]
[SourceTitle "CBM 215 Extra"]
[Source "ChessBase"]
[SourceDate "2023.09.30"]
[SourceVersion "1"]
[SourceVersionDate "2023.09.30"]
[SourceQuality "1"]

1. d4 f5 2. c4 Nf6 3. Nf3 g6 4. g3 Bg7 5. Bg2 0-0 6. 0-0 d6 7. Nc3 Nc6 8. d5 Ne5 9. Qb3 Nxf3+ 10. exf3 e5 11. dxe6 Bxe6 12. Qxb7 Bxc4 13. Re1 a5 14. f4 Rb8 15. Qa7 c5 16. Re7 Qxe7 17. Qxe7 Rbe8 18. Qxe8 Rxe8 19. Be3 Ng4 20. Rc1 Nxe3 21. fxe3 Rxe3 22. Nd5 Bd4 23. Kh1 Re2 24. Rxc4 Re1+ 25. Bf1 Rxf1+ 26. Kg2 Rf2+ 27. Kh1 Rxb2 28. Ra4 Rb5 29. Nc7 Rb7 30. Nd5 Kf7 31. Rxa5 Ke6 0-1

[Event "Sitges op 47th"]
[Site "Sitges"]
[Date "2023.07.26"]
[Round "5"]
[White "Fernandez Fuentes, Francisco Javier"]
[Black "Blasco Coll, Andreu"]
[Result "0-1"]
[WhiteElo "2015"]
[BlackElo "2311"]
[PlyCount "106"]
[EventDate "2023.07.22"]
[EventType "swiss"]
[EventRounds "9"]
[EventCountry "ESP"]
[SourceTitle "CBM 215 Extra"]
[Source "ChessBase"]
[SourceDate "2023.09.30"]
[SourceVersion "1"]
[SourceVersionDate "2023.09.30"]
[SourceQuality "1"]

1. e4 c5 2. Nf3 Nc6 3. Bb5 g6 4. 0-0 Bg7 5. Re1 e5 6. c3 Nge7 7. d4 cxd4 8. cxd4 exd4 9. Bf4 a6 10. Bc4 d6 11. Ng5 0-0 12. Qb3 d5 13. Bxd5 Nxd5 14. exd5 Na5 15. Qf3 h6 16. Ne4 f5 17. Nc5 g5 18. Ne6 Bxe6 19. dxe6 Nc6 20. Bd2 Qe7 21. Na3 Rad8 22. Nc4 Rf6 23. h4 g4 24. Qb3 Re8 25. Nb6 Rxe6 26. Nd5 Qf7 27. Rxe6 Rxe6 28. Nf4 Re8 29. Rc1 Qxb3 30. axb3 Kh7 31. Kf1 Bf6 32. g3 Bg7 33. Rc5 Re5 34. Rxe5 Bxe5 35. Ke2 Bxf4 36. Bxf4 Kg6 37. Kd3 b5 38. Bd6 Kf6 39. Bc5 Ke5 40. h5 Kf6 41. Bxd4+ Kg5 42. Bc3 Kxh5 43. Ke3 Kg5 44. Bd2 h5 45. Kd3+ Kf6 46. Ke3 Kg5 47. Kd3+ Kf6 48. Ke3 b4 49. f4 Ke6 50. Kd3 Kd5 51. Ke3 Na5 52. Kd3 Nxb3 53. Bxb4 Nc5+ 0-1

[Event "Sitges Sunway op 9th"]
[Site "Sitges"]
[Date "2022.12.13"]
[Round "2"]
[White "Sankalp, Gupta"]
[Black "Blasco Coll, Andreu"]
[Result "1/2-1/2"]
[WhiteElo "2485"]
[BlackElo "2294"]
[PlyCount "139"]
[EventDate "2022.12.12"]
[EventType "swiss"]
[EventRounds "10"]
[EventCountry "ESP"]
[SourceTitle "CBM 211 Extra"]
[Source "ChessBase"]
[SourceDate "2023.01.31"]
[SourceVersion "1"]
[SourceVersionDate "2023.01.31"]
[SourceQuality "1"]

1. e4 c5 2. Nf3 Nc6 3. c3 Nf6 4. e5 Nd5 5. Bc4 Nb6 6. Bb3 d5 7. exd6 Qxd6 8. 0-0 Be6 9. Bxe6 Qxe6 10. Na3 Qd7 11. Nc2 e6 12. d4 cxd4 13. Nfxd4 Nxd4 14. Nxd4 Be7 15. Qg4 0-0 16. Nf3 Qa4 17. Qh5 Rad8 18. b3 Qe4 19. Qa5 Nc8 20. Be3 Bf6 21. Rac1 Rd6 22. Bc5 Ra6 23. Qb4 Qxb4 24. cxb4 Rd8 25. a4 Rc6 26. b5 Rc7 27. Be3 Rcd7 28. g4 g6 29. Rc2 b6 30. Rfc1 Ne7 31. g5 Bg7 32. Rc7 Kf8 33. Rxd7 Rxd7 34. Bf4 Rd3 35. Ne5 Rd4 36. Bg3 Bxe5 37. Bxe5 Rg4+ 38. Bg3 Rxg5 39. Rc7 Rg4 40. Rxa7 Nd5 41. b4 Kg7 42. a5 Rxb4 43. a6 Rxb5 44. Be5+ Kh6 45. Rxf7 Ra5 46. a7 g5 47. Bh8 Kg6 48. Rg7+ Kf5 49. Rxh7 e5 50. Kf1 Ke4 51. Ke1 Ra2 52. f3+ Kf5 53. Rb7 Ke6 54. Bg7 Kf5 55. Bf8 Ke6 56. Rh7 Nc3 57. Re7+ Kf6 58. Rb7 Kf5 59. Bd6 Nd5 60. Bb8 Ke6 61. Rg7 Kf5 62. Rd7 Nf4 63. Rd6 g4 64. fxg4+ Kxg4 65. Rxb6 Kf3 66. Rb3+ Ke4 67. Kd1 Nd3 68. h4 Ke3 69. Rxd3+ Kxd3 70. Bxe5 1/2-1/2

[Event "Barcelona Sant Andreu FM"]
[Site "Barcelona"]
[Date "2019.10.12"]
[Round "4"]
[White "Marzo Pie, Xavier"]
[Black "Blasco Coll, Andreu"]
[Result "0-1"]
[WhiteElo "2123"]
[BlackElo "2240"]
[PlyCount "74"]
[EventDate "2019.09.14"]
[EventType "tourn"]
[EventRounds "9"]
[EventCountry "ESP"]
[SourceTitle "CBM 195 Extra"]
[Source "ChessBase"]
[SourceDate "2020.05.31"]
[SourceVersion "1"]
[SourceVersionDate "2020.05.31"]
[SourceQuality "1"]

1. d4 d5 2. c4 c6 3. Nf3 Nf6 4. Nc3 e6 5. Bg5 dxc4 6. a4 Bb4 7. e4 Qa5 8. Bd2 c5 9. Bxc4 cxd4 10. Nxd4 0-0 11. Nc2 Nc6 12. Qe2 Rd8 13. 0-0 Ne5 14. Rfd1 Bd7 15. Rac1 Nxc4 16. Qxc4 Bxc3 17. Bxc3 Qxa4 18. b4 Qc6 19. Qxc6 Bxc6 20. f3 Ba4 21. Rxd8+ Rxd8 22. Nd4 a6 23. Kf2 Ne8 24. Ba1 e5 25. Nf5 f6 26. Ke3 Kf7 27. g4 Bb5 28. Bc3 g6 29. Nh6+ Ke6 30. h4 Nd6 31. h5 Nc4+ 32. Kf2 Rd3 33. Ke2 Ne3 34. Ke1 Ng2+ 35. Kf2 Nh4 36. hxg6 Rxf3+ 37. Kg1 hxg6 0-1

[Event "Barcelona Sants op 21st"]
[Site "Barcelona"]
[Date "2019.08.25"]
[Round "3"]
[White "Escobar Forero, Alder"]
[Black "Blasco Coll, Andreu"]
[Result "1-0"]
[WhiteElo "2477"]
[BlackElo "2241"]
[PlyCount "77"]
[EventDate "2019.08.23"]
[EventType "swiss"]
[EventRounds "10"]
[EventCountry "ESP"]
[SourceTitle "EXT 2020"]
[Source "ChessBase"]
[SourceDate "2019.10.17"]
[SourceVersion "1"]
[SourceVersionDate "2019.10.17"]
[SourceQuality "1"]

1. e4 c6 2. d3 d5 3. Nd2 e5 4. Ngf3 Bd6 5. d4 exd4 6. exd5 Nf6 7. Nc4 Bb4+ 8. Bd2 Bxd2+ 9. Qxd2 Qxd5 10. Qxd4 Qxd4 11. Nxd4 0-0 12. Be2 Nbd7 13. 0-0-0 Nb6 14. Na5 Nbd5 15. Rhe1 Rb8 16. h3 Bd7 17. Bf3 Rfd8 18. Re5 g6 19. a3 Kf8 20. b4 Re8 21. Rxe8+ Kxe8 22. c4 Nf4 23. Kb2 Ne6 24. Kc3 Ng5 25. Re1+ Be6 26. Re3 Nxf3 27. Nxf3 Kd7 28. Ne5+ Kc7 29. Nxf7 Bd7 30. Ne5 Rf8 31. g4 b6 32. Nb3 Ne8 33. f3 Ng7 34. Rd3 Be8 35. Nd4 c5 36. bxc5 bxc5 37. Nb5+ Bxb5 38. cxb5 Ne6 39. Rd7+ 1-0

[Event "Sitges op 44th"]
[Site "Sitges"]
[Date "2018.07.28"]
[Round "8"]
[White "Fernandez Cardoso, Alexey"]
[Black "Blasco Coll, Andreu"]
[Result "1/2-1/2"]
[WhiteElo "2439"]
[BlackElo "2242"]
[PlyCount "68"]
[EventDate "2018.07.22"]
[EventType "swiss"]
[EventRounds "9"]
[EventCountry "ESP"]
[SourceTitle "CBM 185 Extra"]
[Source "ChessBase"]
[SourceDate "2018.07.29"]
[SourceVersion "1"]
[SourceVersionDate "2018.07.29"]
[SourceQuality "1"]

1. e4 c6 2. d4 d5 3. e5 Bf5 4. Nf3 e6 5. Be2 c5 6. c3 Ne7 7. 0-0 cxd4 8. Nxd4 Nbc6 9. Qb3 Nxd4 10. cxd4 Qd7 11. g4 Bg6 12. Be3 Nc6 13. Nc3 Be7 14. f4 f5 15. exf6 Bxf6 16. Qd1 0-0 17. Qd2 Be7 18. Rae1 Rac8 19. Bf2 Bd6 20. Be3 Bb4 21. Bd3 Bxd3 22. Qxd3 Na5 23. Bc1 Bxc3 24. bxc3 Nc4 25. Qf3 Qc6 26. Qd3 Qd7 27. f5 exf5 28. gxf5 Rf7 29. Re6 Rcf8 30. Qe2 Rxf5 31. Rxf5 Rxf5 32. Re7 Qc6 33. Re6 Qd7 34. Re7 Qc6 1/2-1/2

[Event "Sitges op 44th"]
[Site "Sitges"]
[Date "2018.07.26"]
[Round "6"]
[White "Kadam, Om Manish"]
[Black "Blasco Coll, Andreu"]
[Result "0-1"]
[WhiteElo "1836"]
[BlackElo "2242"]
[PlyCount "144"]
[EventDate "2018.07.22"]
[EventType "swiss"]
[EventRounds "9"]
[EventCountry "ESP"]
[SourceTitle "CBM 185 Extra"]
[Source "ChessBase"]
[SourceDate "2018.07.29"]
[SourceVersion "1"]
[SourceVersionDate "2018.07.29"]
[SourceQuality "1"]

1. e4 c6 2. d4 d5 3. Nc3 dxe4 4. Nxe4 Bf5 5. Ng3 Bg6 6. h4 h6 7. Nf3 Nd7 8. h5 Bh7 9. Bd3 Bxd3 10. Qxd3 e6 11. Bd2 Ngf6 12. 0-0-0 Be7 13. Kb1 0-0 14. Ne4 Nxe4 15. Qxe4 Nf6 16. Qe2 Qd5 17. c4 Qe4+ 18. Qxe4 Nxe4 19. Be3 Nd6 20. Rc1 Rfd8 21. Rhd1 Rac8 22. d5 c5 23. dxe6 fxe6 24. Re1 Bf6 25. g4 Rf8 26. g5 Bxb2 27. Kxb2 Rxf3 28. gxh6 gxh6 29. Rg1+ Kf7 30. Bxh6 Rxf2+ 31. Ka1 Nf5 32. Bg5 Rh8 33. h6 e5 34. Rcd1 Ke6 35. Bc1 Rh7 36. Rg6+ Kf7 37. Rgg1 Nd4 38. Rdf1 Rxf1 39. Rxf1+ Ke6 40. Rf8 Ke7 41. Rb8 Kf6 42. Rf8+ Ke6 43. Rg8 Nf5 44. Re8+ Kf6 45. Rf8+ Kg6 46. Rg8+ Kf7 47. Rb8 Nd6 48. Kb1 Ke6 49. Kc2 Nxc4 50. Re8+ Kf7 51. Rd8 Nb6 52. Kd3 Kf6 53. Ke4 Nd7 54. Kd5 Ke7 55. Bg5+ Nf6+ 56. Bxf6+ Kxf6 57. Kxc5 Re7 58. Rf8+ Ke6 59. Kc4 Rh7 60. Rb8 Kf5 61. Kd3 b6 62. Rf8+ Ke6 63. Re8+ Kd5 64. Rd8+ Kc5 65. Re8 Rxh6 66. Rxe5+ Kb4 67. Re7 a5 68. Re4+ Ka3 69. Kc4 Rh5 70. Re2 Rc5+ 71. Kd4 Rc1 72. Re6 Rb1 0-1

[Event "Barcelona Sant Marti op-A 20th"]
[Site "Barcelona"]
[Date "2018.07.14"]
[Round "2"]
[White "Blasco Coll, Andreu"]
[Black "Quesada Perez, Yasser"]
[Result "0-1"]
[WhiteElo "2242"]
[BlackElo "2531"]
[PlyCount "98"]
[EventDate "2018.07.13"]
[EventType "swiss"]
[EventRounds "9"]
[EventCountry "ESP"]
[SourceTitle "CBM 185 Extra"]
[Source "ChessBase"]
[SourceDate "2018.07.29"]
[SourceVersion "1"]
[SourceVersionDate "2018.07.29"]
[SourceQuality "1"]

1. d4 d5 2. Bf4 Nf6 3. e3 e6 4. Nf3 Bd6 5. Bg3 0-0 6. Nbd2 b6 7. Bd3 Bb7 8. c3 c5 9. Ne5 Nc6 10. 0-0 Ne7 11. Qe2 Nf5 12. Bf4 Be7 13. Rad1 Nd6 14. Bg5 Qc7 15. f4 Rad8 16. Rf3 Nfe4 17. Rh3 g6 18. Bxe4 dxe4 19. Qf2 Nf5 20. g4 f6 21. gxf5 fxe5 22. Rxh7 Kxh7 23. Qh4+ Kg8 24. Bxe7 exf5 25. Kh1 exd4 26. Rg1 Kg7 27. Qg5 Rd6 28. Nc4 Re6 29. Bxf8+ Kxf8 30. Qh6+ Qg7 31. Qh4 Qf6 32. Qh7 Qg7 33. Qh4 Ke8 34. cxd4 cxd4 35. Rd1 d3 36. Ne5 Rd6 37. Qe1 Qc7 38. Qh4 Qg7 39. Qe1 Kd8 40. Qb4 Rd5 41. Qa4 a5 42. Rg1 d2 43. Rd1 Qc7 44. Kg2 g5 45. Qa3 Ke8 46. Kg3 gxf4+ 47. exf4 Qc2 48. Qb3 Qxb3+ 49. axb3 e3 0-1

[Event "London Classic op"]
[Site "London"]
[Date "2017.12.09"]
[Round "9"]
[White "Marusenko, Petr"]
[Black "Blasco Coll, Andreu"]
[Result "0-1"]
[WhiteElo "2145"]
[BlackElo "2236"]
[PlyCount "92"]
[EventDate "2017.12.02"]
[EventType "swiss"]
[EventRounds "9"]
[EventCountry "ENG"]
[SourceTitle "CBM 182 Extra"]
[Source "ChessBase"]
[SourceDate "2018.02.23"]
[SourceVersion "1"]
[SourceVersionDate "2018.02.23"]
[SourceQuality "1"]

1. d4 Nf6 2. c4 g6 3. Nc3 d5 4. Nf3 Bg7 5. Bg5 Ne4 6. cxd5 Nxg5 7. Nxg5 0-0 8. Nf3 c6 9. e3 cxd5 10. Be2 Nc6 11. 0-0 e5 12. dxe5 Nxe5 13. Qb3 Nxf3+ 14. Bxf3 d4 15. Rfd1 Be6 16. Qa3 d3 17. Rd2 Bc4 18. Rad1 Re8 19. Ne4 Be5 20. Rc1 Ba6 21. Nc5 Rc8 22. b4 Bb5 23. Bxb7 Rc7 24. Be4 Qf6 25. Bxd3 Bxd3 26. Qxd3 a5 27. Qb5 Ra8 28. Rcd1 Qh4 29. f4 Bc3 30. Rd3 Bxb4 31. Na6 Rc2 32. Rf1 Qg4 33. Rf2 Rxf2 34. Kxf2 Qh4+ 35. Kf3 Be1 36. Ke4 Qxh2 37. Nc7 Qxg2+ 38. Kd4 Rd8+ 39. Nd5 h5 40. Kc4 Qxa2+ 41. Kc5 Qc2+ 42. Kd4 h4 43. f5 g5 44. Ke5 Kg7 45. Qa6 Bg3+ 46. Ke4 Qg2+ 0-1

[Event "London Classic op"]
[Site "London"]
[Date "2017.12.07"]
[Round "7"]
[White "Hebbes, Tim"]
[Black "Blasco Coll, Andreu"]
[Result "1/2-1/2"]
[WhiteElo "2097"]
[BlackElo "2236"]
[PlyCount "131"]
[EventDate "2017.12.02"]
[EventType "swiss"]
[EventRounds "9"]
[EventCountry "ENG"]
[SourceTitle "CBM 182 Extra"]
[Source "ChessBase"]
[SourceDate "2018.02.23"]
[SourceVersion "1"]
[SourceVersionDate "2018.02.23"]
[SourceQuality "1"]

1. Nf3 Nf6 2. c4 g6 3. Nc3 d5 4. cxd5 Nxd5 5. g3 Bg7 6. Bg2 Nb6 7. 0-0 Nc6 8. d3 0-0 9. Bd2 e5 10. Rb1 Re8 11. b4 Nd4 12. a4 Bg4 13. a5 Bxf3 14. exf3 Nd7 15. Ne2 Nxe2+ 16. Qxe2 Nf8 17. Rfe1 Qd7 18. Bc3 c6 19. Rbd1 Rad8 20. Qb2 f6 21. f4 exf4 22. Rxe8 Rxe8 23. Bxf6 fxg3 24. hxg3 Bxf6 25. Qxf6 Re6 26. Qf4 Rd6 27. Bh3 Qd8 28. Qc4+ Kg7 29. Qc3+ Qf6 30. Qc5 Qd4 31. Bc8 b6 32. axb6 axb6 33. Qxd4+ Rxd4 34. Rc1 Rxb4 35. Rxc6 Rb1+ 36. Kg2 b5 37. Rb6 b4 38. Ba6 Kf7 39. Bc4+ Ke7 40. Rb7+ Kd6 41. Rb6+ Kc7 42. Rb5 Nd7 43. f4 Nb6 44. Rc5+ Kd6 45. Rb5 Kc6 46. Kf2 Nc8 47. f5 gxf5 48. Rxf5 Nd6 49. Bd5+ Kc5 50. Rh5 Kd4 51. Bg8 Rb2+ 52. Kf3 Ne8 53. Bf7 Rb1 54. Bxe8 b3 55. Rb5 b2 56. Kg2 Kc3 57. Bf7 Ra1 58. Rb3+ Kc2 59. d4 b1Q 60. Rxb1 Kxb1 61. d5 Kb2 62. Be6 Rd1 63. Kf3 Kc3 64. Ke4 Kb4 65. Ke5 Kc5 66. g4 1/2-1/2

[Event "London Classic op"]
[Site "London"]
[Date "2017.12.06"]
[Round "6"]
[White "Blasco Coll, Andreu"]
[Black "Gormally, Daniel"]
[Result "0-1"]
[WhiteElo "2236"]
[BlackElo "2477"]
[PlyCount "88"]
[EventDate "2017.12.02"]
[EventType "swiss"]
[EventRounds "9"]
[EventCountry "ENG"]
[SourceTitle "CBM 182 Extra"]
[Source "ChessBase"]
[SourceDate "2018.02.23"]
[SourceVersion "1"]
[SourceVersionDate "2018.02.23"]
[SourceQuality "1"]

1. d4 e6 2. Nf3 Nf6 3. e3 c5 4. c4 cxd4 5. exd4 d5 6. Nc3 Bb4 7. a3 Bxc3+ 8. bxc3 0-0 9. Bd3 dxc4 10. Bxc4 Qc7 11. Qd3 b6 12. 0-0 Bb7 13. Ne5 Nc6 14. f4 Na5 15. Ba2 Be4 16. Qg3 Bd5 17. Bb2 Ne4 18. Qd3 Bxa2 19. Qxe4 Bd5 20. Qe1 f6 21. Ng4 Nc4 22. Bc1 Qc6 23. Rf2 Rac8 24. Rc2 h5 25. Ne3 Nxe3 26. Qxe3 Bb3 27. Rd2 Qxc3 28. Qxc3 Rxc3 29. Bb2 Rc6 30. Rc1 Rxc1+ 31. Bxc1 Rc8 32. Bb2 Bd5 33. Kf2 Kf7 34. Ke3 Kg6 35. Rf2 Kf5 36. Rd2 b5 37. Rf2 a5 38. Kd3 Be4+ 39. Ke3 Rc4 40. g3 b4 41. h3 Bd5 42. Kd3 bxa3 43. Bxa3 Ra4 44. Bf8 Ra1 0-1

[Event "London Classic op"]
[Site "London"]
[Date "2017.12.02"]
[Round "1"]
[White "Tombolis, Christopher"]
[Black "Blasco Coll, Andreu"]
[Result "0-1"]
[WhiteElo "1799"]
[BlackElo "2236"]
[PlyCount "150"]
[EventDate "2017.12.02"]
[EventType "swiss"]
[EventRounds "9"]
[EventCountry "ENG"]
[SourceTitle "CBM 182 Extra"]
[Source "ChessBase"]
[SourceDate "2018.02.23"]
[SourceVersion "1"]
[SourceVersionDate "2018.02.23"]
[SourceQuality "1"]

1. d4 d5 2. c4 e6 3. Nc3 Nf6 4. Bg5 Be7 5. Nf3 Nbd7 6. e3 h6 7. Bh4 0-0 8. Bd3 c5 9. cxd5 Nxd5 10. Bxe7 Nxe7 11. 0-0 cxd4 12. Nxd4 Nf6 13. Qe2 Bd7 14. Rfd1 Qb6 15. Rac1 Rac8 16. Ne4 Ned5 17. Nb3 Ba4 18. Nxf6+ Nxf6 19. Rxc8 Rxc8 20. Rc1 Rxc1+ 21. Nxc1 Qc5 22. Qd2 Qd5 23. f3 Qc5 24. b3 Bc6 25. Ne2 Nd5 26. Nd4 Bd7 27. Be4 b6 28. Kf2 Nf6 29. Bc2 Qd6 30. Qd3 Qxh2 31. Ne2 Qc7 32. Ng3 Bb5 33. Qxb5 Qxc2+ 34. Qe2 Qc1 35. Nf1 Nd5 36. Qd2 Qc5 37. a4 g6 38. Ng3 f5 39. Qd4 Qxd4 40. exd4 Nf4 41. Nf1 Kf7 42. Nd2 Ke7 43. Nc4 g5 44. g3 Ng6 45. b4 h5 46. b5 h4 47. gxh4 gxh4 48. a5 bxa5 49. Nxa5 Kd6 50. Nc6 Ne7 51. Nb4 Kc7 52. Nc2 Kb6 53. Na3 Ka5 54. Kg2 Kb4 55. Nc2+ Kc3 56. d5 exd5 57. Na3 d4 58. Kh3 Ng6 59. b6 axb6 60. Nb5+ Kd3 61. Nd6 Ne7 62. Kxh4 Ke2 63. f4 d3 64. Nb5 Nd5 65. Nd4+ Ke3 66. Nxf5+ Kxf4 67. Ng3 d2 68. Ne2+ Ke3 69. Nc3 Nxc3 70. Kg3 d1Q 71. Kg2 Qd2+ 72. Kg3 Qf2+ 73. Kh3 Qg1 74. Kh4 Kf4 75. Kh3 Qg3# 0-1